| 000 | 01373nam a2200325 a 4500 | ||
|---|---|---|---|
| 003 | BLK | ||
| 005 | 20230529162715.0 | ||
| 008 | 180412b bul|||||r ||||||| ||bul|| | ||
| 010 | _aKNG00002202000 | ||
| 020 | _a954-439-235-1 | ||
| 040 | _aBLK | ||
| 041 |
_aBUL _cBUL |
||
| 080 |
_aБългарска литература _b821.163.2 _x-1(082.2) _z821.163.2-1(082.2) |
||
| 139 |
_aСъвременна българска поезия _bС 96 |
||
| 245 | 1 | 0 |
_aСъвременна българска поезия _bКратка ученическа антология _cподб. и предг. Симеон Дончев Хаджикосев. |
| 257 | _aBGR | ||
| 260 |
_bСлово _c1994 _aВ. Търново |
||
| 300 |
_a96 с. _c20 см |
||
| 380 | _aX | ||
| 490 | 1 |
_aМалка ученическа библиотека _9201165 |
|
| 500 | _a10 000 тир. - Съдържа творби на В. Ханчев, Ал. Геров, В. Петров, Бл. Димитрова, П. Пенев, К. Павлов, Б. Христов, П. Дубарова. | ||
| 700 | 1 |
_aХаджикосев, Симеон Дончев _eподб. и предг. _9363366 |
|
| 852 |
_aЦб 176010 _bЦб |
||
| 856 | 4 |
_qpdf _u |
|
| 856 | 4 |
_qpdf _u |
|
| 942 |
_cKNG _n0 |
||
| 944 |
_aCR _c15.01.2003 _kAB_DOS |
||
| 944 |
_aED _c23.09.2015 _kКети_Илиева |
||
| 999 |
_c1380 _d1380 |
||
| 999 | _d1380 | ||